Répression policière des manifestantes au Québec : au croisement des convictions politiques et du genre

Les criminologies féministes s’intéressent depuis longtemps à la criminalisation secondaire vécue par les femmes, c’est-à-dire l’application différentielle des lois et des normes pénales (Cartuyvels, 2007). Or, qu’en est-il de cette variation de traitement lorsque les femmes sont appréhendées par la...

Descripción completa

Guardado en:  
Detalles Bibliográficos
Autor principal: Pérusse-Roy, Maude (Autor)
Tipo de documento: Electrónico Artículo
Lenguaje:Francés
Publicado: 2025
En: Criminologie
Año: 2025, Volumen: 58, Número: 2, Páginas: 99-124
Acceso en línea: Volltext (kostenfrei)
Volltext (kostenfrei)
Verificar disponibilidad: HBZ Gateway
Palabras clave:

MARC

LEADER 00000caa a22000002c 4500
001 1944908692
003 DE-627
005 20251217145045.0
007 cr uuu---uuuuu
008 251205s2025 xx |||||o 00| ||fre c
024 7 |a 10.7202/1121878ar  |2 doi 
035 |a (DE-627)1944908692 
035 |a (DE-599)KXP1944908692 
040 |a DE-627  |b ger  |c DE-627  |e rda 
041 |a fre 
084 |a 2,1  |2 ssgn 
100 1 |a Pérusse-Roy, Maude  |e VerfasserIn  |4 aut 
245 1 0 |a Répression policière des manifestantes au Québec : au croisement des convictions politiques et du genre 
264 1 |c 2025 
336 |a Text  |b txt  |2 rdacontent 
337 |a Computermedien  |b c  |2 rdamedia 
338 |a Online-Ressource  |b cr  |2 rdacarrier 
520 |a Les criminologies féministes s’intéressent depuis longtemps à la criminalisation secondaire vécue par les femmes, c’est-à-dire l’application différentielle des lois et des normes pénales (Cartuyvels, 2007). Or, qu’en est-il de cette variation de traitement lorsque les femmes sont appréhendées par la police dans un contexte de contestation sociale ? À partir d’entretiens semi-dirigés menés auprès de 42 militantes ayant vécu de nombreuses interactions conflictuelles avec la police dans leurs activités protestataires, cet article s’intéressera aux effets du croisement des convictions politiques et du genre dans la nature des rapports entre les femmes et la police. Les rencontres auprès de manifestantes nous apprennent que les convictions politiques des groupes sont bien souvent la porte d’entrée des interactions avec la police, l’adoption de certaines idéologies augmentant la fréquence et la nature de la répression policière. Cela pose la question de l’invisibilité du genre de la foule. C’est plus spécifiquement lorsque les militantes se rassemblent sur des enjeux féministes ou en mixité choisie que les dimensions genrées et politiques des identités semblent influencer le cours des interactions avec les forces de l’ordre. Mots-clés : Manifestantes, répression policière, genre, convictions politiques, féminisme 
520 |a Les criminologies féministes s’intéressent depuis longtemps à la criminalisation secondaire vécue par les femmes, c’est-à-dire l’application différentielle des lois et des normes pénales (Cartuyvels, 2007). Or, qu’en est-il de cette variation de traitement lorsque les femmes sont appréhendées par la police dans un contexte de contestation sociale ? À partir d’entretiens semi-dirigés menés auprès de 42 militantes ayant vécu de nombreuses interactions conflictuelles avec la police dans leurs activités protestataires, cet article s’intéressera aux effets du croisement des convictions politiques et du genre dans la nature des rapports entre les femmes et la police. Les rencontres auprès de manifestantes nous apprennent que les convictions politiques des groupes sont bien souvent la porte d’entrée des interactions avec la police, l’adoption de certaines idéologies augmentant la fréquence et la nature de la répression policière. Cela pose la question de l’invisibilité du genre de la foule. C’est plus spécifiquement lorsque les militantes se rassemblent sur des enjeux féministes ou en mixité choisie que les dimensions genrées et politiques des identités semblent influencer le cours des interactions avec les forces de l’ordre. Mots-clés : Manifestantes, répression policière, genre, convictions politiques, féminisme 
520 |a Feminist criminologies have long taken an interest in the secondary criminalization experienced by women ; that is, the differential application of criminal laws and norms they are faced with (Cartuyvels, 2007). How does this differential application manifest itself when women are apprehended by the police in a context of social protest ? Through 42 semi-structured interviews with woman activists who have experienced numerous conflictual interactions with the police during their protest activities, this article looks at the effects of political ideologies and gender on the nature of relations between woman activists and the police. These interviews demonstrate that the political convictions of activists, and the groups that they are a part of, can often serve as the gateway to interactions with the police, with specific ideologies increasing the frequency and nature of police repression. This raises the question of the invisibility of the crowd’s gender, as it is specifically when activists gather around feminist issues or in non-mixed demonstrations that the gendered and political dimensions of identity appear to influence the course of interactions with the police. Keywords: Woman activists, police repression, gender, political beliefs, feminism 
650 4 |a Feminismo 
650 4 |a convicciones políticas 
650 4 |a Género 
650 4 |a represión policial 
650 4 |a Feminism 
650 4 |a political beliefs 
650 4 |a Gender 
650 4 |a police repression 
650 4 |a Woman activists 
650 4 |a Féminisme 
650 4 |a convictions politiques 
650 4 |a Genre 
650 4 |a répression policière 
650 4 |a Manifestantes 
773 0 8 |i Enthalten in  |t Criminologie  |d Montréal : Presses de l'Univ., 1975  |g 58(2025), 2, Seite 99-124  |h Online-Ressource  |w (DE-627)373755422  |w (DE-600)2126751-0  |w (DE-576)117399159  |x 1492-1367  |7 nnas 
773 1 8 |g volume:58  |g year:2025  |g number:2  |g pages:99-124 
856 4 0 |u https://doi.org/10.7202/1121878ar  |x Resolving-System  |z kostenfrei  |3 Volltext  |7 0 
856 4 0 |u https://www.erudit.org/en/journals/crimino/2025-v58-n2-crimino010430/1121878ar/  |x Verlag  |z kostenfrei  |3 Volltext  |7 0 
935 |a mkri 
951 |a AR 
ELC |a 1 
LOK |0 000 xxxxxcx a22 zn 4500 
LOK |0 001 4823085817 
LOK |0 003 DE-627 
LOK |0 004 1944908692 
LOK |0 005 20251205043606 
LOK |0 008 251205||||||||||||||||ger||||||| 
LOK |0 035   |a (DE-2619)KrimDok#2025-12-04#9FCFBD991AC59151448D565D084995D71ED29CAF 
LOK |0 040   |a DE-2619  |c DE-627  |d DE-2619 
LOK |0 092   |o n 
LOK |0 852   |a DE-2619 
LOK |0 852 1  |9 00 
LOK |0 935   |a zota 
LOK |0 939   |a 05-12-25  |b l01 
OAS |a 1 
ORI |a SA-MARC-krimdoka001.raw